| 000 | 00982nam a2200277 a 4500 | ||
|---|---|---|---|
| 008 | |||
| 020 | _a0312018762 (cased) | ||
| 020 | _a0745000134 (cased) | ||
| 049 | _aMAIN | ||
| 090 | _aHD9999.B44 | ||
| 100 | 1 | _aRussell, Alan M. | |
| 245 | 1 | 4 |
_aThe biotechnology revolution : _ban international perspective / _cAlan M. Russell. |
| 260 |
_aBrighton, Sussex : _bWheatsheaf Books ; _aNew York, NY : _bSt. Martin's Press, _c1988. |
||
| 300 |
_axi, 266 p. ; _c22 cm. |
||
| 504 | _aIncludes bibliographical references: p. 230-261. | ||
| 500 | _aIncludes index. | ||
| 650 | 0 |
_aBiotechnology industries _xInternational cooperation. |
|
| 650 | 0 |
_aBiotechnology _xInternational cooperation. |
|
| 650 | 0 |
_aBiotechnology industries _xGovernment policy. |
|
| 650 | 0 |
_aBiotechnology _xGovernment policy. |
|
| 907 |
_a.b10037792 _b22-07-03 _c17-04-03 |
||
| 003 | |||
| 005 | 20230123133203.0 | ||
| 040 | _cNUST | ||
| 942 |
_cBOOKS _kHD9999.B44 |
||
| 999 |
_c144240 _d144240 |
||